[Event "LSS RD-2009-0-00023"]
[Site "LSS email"]
[Date "2009.06.03"]
[Round "?"]
[White "Cook, Phil"]
[Black "Van Witteveen, Roland"]
[Result "1-0"]
[WhiteElo "1215"]
[BlackElo "1520"]
[PlyCount "25"]
[EventDate "2009.03.24"]
[EventType "tourn (corr)"]
[EventRounds "6"]
[EventCountry "GER"]
[SourceTitle "Corr 2013"]
[Source "ChessBase"]
[SourceDate "2012.11.12"]
[SourceVersion "1"]
[SourceVersionDate "2012.11.12"]
[SourceQuality "1"]

1. e4 c5 2. b3 Nc6 3. Bb2 d6 4. Nf3 Nf6 5. Bxf6 gxf6 6. Bc4 Rg8 7. g3 Bg4 8. c3 a6 9. a4 Ne5 10. Be2 Bh3 11. Nxe5 fxe5 12. d3 Bh6 13. Bf1 1-0

[Event "LSS OP-2009-0-00866"]
[Site "LSS email"]
[Date "2009.06.03"]
[Round "?"]
[White "Sinygovsky, Vladimir"]
[Black "Van Witteveen, Roland"]
[Result "1-0"]
[WhiteElo "1313"]
[BlackElo "1397"]
[PlyCount "21"]
[EventDate "2009.05.29"]
[EventType "tourn (corr)"]
[EventRounds "4"]
[EventCountry "GER"]
[SourceTitle "Corr 2013"]
[Source "ChessBase"]
[SourceDate "2012.11.12"]
[SourceVersion "1"]
[SourceVersionDate "2012.11.12"]
[SourceQuality "1"]

1. a3 e5 2. Nf3 Nc6 3. Nc3 d5 4. d3 Nf6 5. Bg5 d4 6. Ne4 Be7 7. Nxf6+ Bxf6 8. Bxf6 Qxf6 9. e4 dxe3 10. fxe3 e4 11. Nd4 1-0

[Event "LSS OP-2009-0-00866"]
[Site "LSS email"]
[Date "2009.06.03"]
[Round "?"]
[White "Van Witteveen, Roland"]
[Black "Ciesla, Daniel"]
[Result "0-1"]
[WhiteElo "1520"]
[BlackElo "1152"]
[PlyCount "34"]
[EventDate "2009.05.29"]
[EventType "tourn (corr)"]
[EventRounds "4"]
[EventCountry "GER"]
[SourceTitle "Corr 2011"]
[Source "ChessBase"]
[SourceDate "2010.08.31"]
[SourceVersion "1"]
[SourceVersionDate "2010.08.31"]
[SourceQuality "1"]

1. e4 d6 2. d4 Nf6 3. Nc3 e5 4. Nf3 exd4 5. Nxd4 Be7 6. Bc4 0-0 7. 0-0 Nxe4 8. Nxe4 d5 9. Bd3 dxe4 10. Bxe4 Nd7 11. Re1 Nf6 12. Bf3 c6 13. Bg5 h6 14. Bh4 Re8 15. Nxc6 Qxd1 16. Nxe7+ Rxe7 17. Raxd1 Be6 0-1

[Event "LSS RD-2009-0-00023"]
[Site "LSS email"]
[Date "2009.06.03"]
[Round "?"]
[White "Van Witteveen, Roland"]
[Black "Laureles, Raymundo"]
[Result "0-1"]
[WhiteElo "1557"]
[BlackElo "1547"]
[PlyCount "34"]
[EventDate "2009.03.24"]
[EventType "tourn (corr)"]
[EventRounds "6"]
[EventCountry "GER"]
[SourceTitle "Corr 2011"]
[Source "ChessBase"]
[SourceDate "2010.08.31"]
[SourceVersion "1"]
[SourceVersionDate "2010.08.31"]
[SourceQuality "1"]

1. e4 e6 2. d4 d5 3. Nc3 Bb4 4. e5 b6 5. Qg4 Bf8 6. Bg5 Qd7 7. Bb5 c6 8. Bd3 Ba6 9. Bxa6 Nxa6 10. a3 h6 11. Be3 Ne7 12. Nge2 Nf5 13. Ng3 Nxg3 14. Qxg3 0-0-0 15. 0-0-0 Kb8 16. Kb1 Nc7 17. f4 g6 0-1

[Event "LSS RD-2009-0-00023"]
[Site "LSS email"]
[Date "2009.06.03"]
[Round "?"]
[White "Van Witteveen, Roland"]
[Black "Leglise, Alain"]
[Result "0-1"]
[WhiteElo "1557"]
[BlackElo "1547"]
[PlyCount "30"]
[EventDate "2009.03.24"]
[EventType "tourn (corr)"]
[EventRounds "6"]
[EventCountry "GER"]
[SourceTitle "Corr 2013"]
[Source "ChessBase"]
[SourceDate "2012.11.12"]
[SourceVersion "1"]
[SourceVersionDate "2012.11.12"]
[SourceQuality "1"]

1. e4 e5 2. Nf3 Nc6 3. Bb5 Nf6 4. 0-0 Bc5 5. c3 0-0 6. d4 Bb6 7. Bg5 exd4 8. e5 h6 9. Bxf6 gxf6 10. cxd4 a6 11. Bxc6 dxc6 12. Nc3 Bg4 13. Ne4 fxe5 14. dxe5 Qxd1 15. Raxd1 Kg7 0-1

[Event "LSS RD-2009-0-00023"]
[Site "LSS email"]
[Date "2009.06.03"]
[Round "?"]
[White "Van Witteveen, Roland"]
[Black "Vio, Mauro"]
[Result "0-1"]
[WhiteElo "1557"]
[BlackElo "1543"]
[PlyCount "34"]
[EventDate "2009.03.24"]
[EventType "tourn (corr)"]
[EventRounds "6"]
[EventCountry "GER"]
[SourceTitle "Corr 2011"]
[Source "ChessBase"]
[SourceDate "2010.08.31"]
[SourceVersion "1"]
[SourceVersionDate "2010.08.31"]
[SourceQuality "1"]

1. e4 e6 2. d4 d5 3. Nc3 Bb4 4. e5 c5 5. a3 Bxc3+ 6. bxc3 Ne7 7. Qg4 0-0 8. Nf3 Qa5 9. Bd2 Qa4 10. Bd3 c4 11. Bxh7+ Kxh7 12. Ng5+ Kg8 13. Ra2 Nf5 14. Qh5 Nh6 15. Nf3 Qd7 16. Bxh6 gxh6 17. Qxh6 Qe7 0-1

[Event "LSS BI-2009-P-00021"]
[Site "LSS email"]
[Date "2009.04.19"]
[Round "?"]
[White "Broniek, Mariusz Maciej"]
[Black "Van Witteveen, Roland"]
[Result "1-0"]
[WhiteElo "2259"]
[BlackElo "1520"]
[PlyCount "47"]
[EventDate "2009.04.20"]
[EventType "tourn (corr)"]
[EventRounds "10"]
[EventCountry "GER"]
[SourceTitle "Corr 2011"]
[Source "ChessBase"]
[SourceDate "2010.08.31"]
[SourceVersion "1"]
[SourceVersionDate "2010.08.31"]
[SourceQuality "1"]

1. e4 e5 2. Nf3 Nc6 3. Bb5 a6 4. Ba4 Nf6 5. 0-0 Be7 6. Re1 b5 7. Bb3 d6 8. c3 0-0 9. h3 Na5 10. Bc2 c5 11. d4 Qc7 12. Nbd2 cxd4 13. cxd4 Bd7 14. Nf1 Rac8 15. Ne3 Nc6 16. d5 Nb4 17. Bb1 a5 18. a3 Na6 19. b4 Nh5 20. Bd2 Nf4 21. h4 Qd8 22. g3 Nh5 23. bxa5 Nf6 24. Bb4 1-0

[Event "LSS BI-2009-P-00021"]
[Site "LSS email"]
[Date "2009.04.19"]
[Round "?"]
[White "Fernandez, Javier Horacio"]
[Black "Van Witteveen, Roland"]
[Result "1-0"]
[WhiteElo "2012"]
[BlackElo "1520"]
[PlyCount "41"]
[EventDate "2009.04.20"]
[EventType "tourn (corr)"]
[EventRounds "10"]
[EventCountry "GER"]
[SourceTitle "Corr 2011"]
[Source "ChessBase"]
[SourceDate "2010.08.31"]
[SourceVersion "1"]
[SourceVersionDate "2010.08.31"]
[SourceQuality "1"]

1. d4 d5 2. c4 e6 3. Nc3 Nf6 4. Bg5 Be7 5. e3 0-0 6. Rc1 h6 7. Bh4 b6 8. cxd5 Nxd5 9. Nxd5 exd5 10. Bxe7 Qxe7 11. Bd3 c5 12. Ne2 c4 13. Bb1 Nd7 14. 0-0 Nf6 15. Qd2 b5 16. Rfe1 Be6 17. f3 Rfc8 18. e4 dxe4 19. fxe4 Rd8 20. Nf4 Nh7 21. Qe3 1-0

[Event "LSS OP-2009-0-00733"]
[Site "LSS email"]
[Date "2009.01.29"]
[Round "?"]
[White "Van Witteveen, Roland"]
[Black "Van Dosselaer, Mattias"]
[Result "1-0"]
[WhiteElo "1557"]
[BlackElo "605"]
[PlyCount "37"]
[EventDate "2009.01.27"]
[EventType "tourn (corr)"]
[EventRounds "4"]
[EventCountry "GER"]
[SourceTitle "Corr 2011"]
[Source "ChessBase"]
[SourceDate "2010.08.31"]
[SourceVersion "1"]
[SourceVersionDate "2010.08.31"]
[SourceQuality "1"]

1. e4 e5 2. Nf3 Nc6 3. Bb5 Nb4 4. d4 exd4 5. Nxd4 Bc5 6. Be3 Bxd4 7. Bxd4 Nf6 8. a3 Nc6 9. Bxc6 bxc6 10. 0-0 0-0 11. Nc3 d5 12. exd5 Nxd5 13. Qf3 Nxc3 14. Qxc3 Ba6 15. Rfe1 Qd7 16. Bxg7 Rfe8 17. Bf6 Rxe1+ 18. Rxe1 Re8 19. Qg3+ 1-0